África : (Record no. 156068)

MARC details
000 -LEADER
campo de control de longitud fija 01393nam a22002775i 4500
001 - NÚMERO DE CONTROL
campo de control 156068
003 - IDENTIFICADOR DE NÚMERO DE CONTROL
campo de control ES-MaACL
005 - FECHA Y HORA DE LA ÚLTIMA TRANSACCIÓN
campo de control 20230906210317.0
008 - DATOS DE LONGITUD FIJA--INFORMACIÓN GENERAL
campo de control de longitud fija 960306s1887 sp |||| | spa d
080 ## - NÚMERO DE LA CLASIFICACIÓN DECIMAL UNIVERSAL
Número de la Clasificación Decimal Universal 929 Iradier Bulfy, Manuel
080 ## - NÚMERO DE LA CLASIFICACIÓN DECIMAL UNIVERSAL
Número de la Clasificación Decimal Universal 910.4(671.8)"18"
100 1# - ENTRADA PRINCIPAL--NOMBRE DE PERSONA
Nombre de persona Iradier y Bulfy, Manuel.
9 (RLIN) 65402
245 10 - MENCIÓN DEL TÍTULO
Título África :
Resto del título viajes y trabajos de la Asociación Euskara La Exploradora : reconocimiento de la zona ecuatorial de África /
Mención de responsabilidad, etc. por Manuel Iradier.
260 ## - PUBLICACIÓN, DISTRIBUCIÓN, ETC.
Lugar de publicación, distribución, etc. Vitoria :
Nombre del editor, distribuidor, etc. Asociación Euskara para la Exploración y Civilización del África Central "La Exploradora",
Fecha de publicación, distribución, etc. 1887.
300 ## - DESCRIPCIÓN FÍSICA
Extensión 2 v. (501 ; 539 p.) :
Otras características físicas il. ;
Dimensiones 23 cm.
505 8# - NOTA DE CONTENIDO CON FORMATO
Nota de contenido con formato Contiene: 1. Primer viaje: exploración del país del Muni, 1875-1877 -- 2. Segundo viaje: adquisición del país del Muni, 1884
530 ## - NOTA DISPONIBLE DE FORMULARIO FÍSICO ADICIONAL
Nota de formato físico adicional disponible Disponible en formato digital.
597 ## - NOTA DE DESCRIPCIÓN FÍSICA
NOTA DE DESCRIPCIÓN FÍSICA Antep.
599 ## - NOTA A LAS ILUSTRACIONES
NOTA A LAS ILUSTRACIONES Mapas y planos: 1. África (Costas) - 2. Corisco (Isla)
600 14 - PUNTO DE ACCESO ADICIONAL DE MATERIA--NOMBRE DE PERSONA
Nombre de persona Iradier y Bulfy, Manuel.
9 (RLIN) 65402
610 2# - PUNTO DE ACCESO ADICIONAL DE MATERIA--NOMBRE DE ENTIDAD CORPORATIVA
Nombre de entidad corporativa o nombre de jurisdicción como elemento de entrada Asociación Euskara La Exploradora (Vitoria)
9 (RLIN) 134130
651 #4 - PUNTO DE ACCESO ADICIONAL DE MATERIA--NOMBRE GEOGRÁFICO
Nombre geográfico Guinea Ecuatorial-
Subdivisión general Descubrimientos y exploraciones-
-- Españoles.
9 (RLIN) 153666
651 #4 - PUNTO DE ACCESO ADICIONAL DE MATERIA--NOMBRE GEOGRÁFICO
Nombre geográfico Guinea Ecuatorial-
Subdivisión general Descubrimientos y exploraciones-
Subdivisión cronológica S.XIX.
9 (RLIN) 8808
852 4# - LOCALIZACIÓN
Ubicación ES-MaACL
Número de control de estantería C-601-02
Nota libre - Enc. pasta española
856 4# - LOCALIZACIÓN Y ACCESO ELECTRÓNICOS
Identificador Uniforme de Recursos <a href="http://bdh-rd.bne.es/viewer.vm?id=0000012753&page=1 ">http://bdh-rd.bne.es/viewer.vm?id=0000012753&page=1 </a>
Nota pública Biblioteca Digital Hispánica
Holdings
Estatus retirado Estado de pérdida Estado de daño No para préstamo Colección Biblioteca de origen Biblioteca actual Ubicación en estantería Fecha de adquisición Fuente de adquisición Total de préstamos Signatura topográfica completa Código de barras Visto por última vez Precio de reemplazo Tipo de ítem Koha
        Colección digital Biblioteca del Ateneo de Madrid Biblioteca del Ateneo de Madrid Sala Palomar 17/01/2008     C-601-602 1163275 23/02/2023 23/02/2023 Libro impreso antiguo